000 00376nam a2200145Ia 4500
008 100122s9999 xx 000 0 und d
082 _b65979
_a823.08
100 _aसंत प्रकाश
245 _aझुंबर
260 _bमौज प्रकाशन
_c2004
300 _a151
630 _aझुंबर
730 _aझुंबर
942 _cBOOK
999 _c438751
_d438748